| 000 -LEADER |
| fixed length control field |
00289nam a22001217a 4500 |
| 008 - FIXED-LENGTH DATA ELEMENTS--GENERAL INFORMATION |
| fixed length control field |
250502b ||||| |||| 00| 0 eng d |
| 020 ## - INTERNATIONAL STANDARD BOOK NUMBER |
| International Standard Book Number |
9788854413313 |
| 082 ## - DEWEY DECIMAL CLASSIFICATION NUMBER |
| Classification number |
609.2 VOG |
| 100 ## - MAIN ENTRY--PERSONAL NAME |
| Personal name |
VOGATO,VALTER |
| Relator term |
AUTHOR |
| 245 ## - TITLE STATEMENT |
| Title |
GREAT INVENTORS |
| 260 ## - PUBLICATION, DISTRIBUTION, ETC. |
| Place of publication, distribution, etc. |
MILAN,ITALY |
| Name of publisher, distributor, etc. |
WS KIDS |
| 942 ## - ADDED ENTRY ELEMENTS (KOHA) |
| Source of classification or shelving scheme |
|